भारतीय एंव पाश्चात्य दार्शनिक परम्पराएं (Record no. 116877)
[ view plain ]
| 000 -LEADER | |
|---|---|
| fixed length control field | 01291nam a2200289Ia 4500 |
| 003 - CONTROL NUMBER IDENTIFIER | |
| control field | OSt |
| 005 - DATE AND TIME OF LATEST TRANSACTION | |
| control field | 20220918111855.0 |
| 008 - FIXED-LENGTH DATA ELEMENTS--GENERAL INFORMATION | |
| fixed length control field | 220915b |||||||| |||| 00| 0 hin d |
| 020 ## - INTERNATIONAL STANDARD BOOK NUMBER | |
| International Standard Book Number | 8181820355 (hbk) |
| 037 ## - SOURCE OF ACQUISITION | |
| Terms of availability | Textbook |
| 040 ## - CATALOGING SOURCE | |
| Language of cataloging | hin |
| Original cataloging agency | ARTS |
| Transcribing agency | ARTS |
| 041 ## - LANGUAGE CODE | |
| Language code of text/sound track or separate title | hin |
| 100 ## - MAIN ENTRY--PERSONAL NAME | |
| Personal name | दया कृष्ण; गाुप्ता, योगेश, संपा. |
| 9 (RLIN) | 10817 |
| 245 #0 - TITLE STATEMENT | |
| Title | भारतीय एंव पाश्चात्य दार्शनिक परम्पराएं |
| 246 ## - VARYING FORM OF TITLE | |
| Title proper/short title | Bhāratīya eanva pāshchātya dārshanik paramparāean |
| 260 ## - PUBLICATION, DISTRIBUTION, ETC. | |
| Place of publication, distribution, etc. | जयपुर |
| Name of publisher, distributor, etc. | यू. जी. सी. आशीश प्रोग्राम दर्शन विभाग राजस्थान |
| Date of publication, distribution, etc. | 2006 |
| 300 ## - PHYSICAL DESCRIPTION | |
| Extent | 531पृ0 |
| Dimensions | cm. |
| 490 ## - SERIES STATEMENT | |
| Series statement | यू. जी. सी. आशीश कार्यक्रम |
| 500 ## - GENERAL NOTE | |
| General note | दर्शन विभाब पुस्तक श्रृंखला; 1 |
| 942 ## - ADDED ENTRY ELEMENTS (KOHA) | |
| Classification part | R60c85, 152P6 |
| Koha item type | Textbook |
| Source of classification or shelving scheme | Colon Classification (CC) |
No items available.
